| 000 | 00852naa a22002657u 4500 | ||
|---|---|---|---|
| 001 | 05350 | ||
| 003 | HDC | ||
| 007 | cr bn ---aaaaa | ||
| 008 | 210120s2001 xx a b 001 0 eng | ||
| 040 | _aHDC | ||
| 100 |
_aMerka, William C., _eauthor _95583 |
||
| 245 | 0 |
_aProcessing water and wastewater / _cby William C. Merka |
|
| 260 |
_a[No Place] : _b[publisher not identified], _c2001 |
||
| 300 | _a10 pages | ||
| 336 |
_atext _2rdacontent |
||
| 337 |
_acomputer _2rdamedia |
||
| 338 |
_aonline resource _2rdacarrier |
||
| 500 | _aOriginal from book | ||
| 650 |
_aWastewater _95585 |
||
| 650 |
_aWater _95584 |
||
| 856 | _zRequest full-text at [email protected] | ||
| 942 | _2lcc | ||
| 942 | _cCHAP | ||
| 942 | _kEBCH 002730 | ||
| 999 |
_c2674 _d2674 |
||